Normal view
MARC view
Entry Personal Name
001 - CONTROL NUMBER
- control field: 763868
003 - CONTROL NUMBER IDENTIFIER
- control field: OSt
005 - DATE AND TIME OF LATEST TRANSACTION
- control field: 20250508153405.0
008 - FIXED-LENGTH DATA ELEMENTS
- fixed length control field: 250508|| aca||aabn | a|a d
040 ## - CATALOGING SOURCE
- Original cataloging agency: OSt
- Transcribing agency: OSt
100 ## - HEADING--PERSONAL NAME
- Personal name: Anderson Ronald S
670 ## - SOURCE DATA FOUND
- Source citation: Work cat.: (OSt)1342516: Anderson Ronald S, Japan : Three epochs of modern education, 1959
